00659nam a2200217 a 4500001001300000003000900013005001700022008004100039020002300080082001700103100002000120245005300140260003700193300000900230500003500239650001700274902000800291942000700299952011800306999001700424nice12345678IN_TiNIC20260116014222.0070412s2006 dela grp 000 0 eng  a8183241662 c89500a303.66bCHA1 aChandra, Satish aInternational Conflicts and Peace Making Process aDelhibMittal Publication c2006 a376p aincludes index and biblioraphy aPeace-Making bSRS cBK 001040708StackRoom-aHMIbHMId2009-09-23g895.00l0o303.66 CHA1p021811r2009-09-23v895.00w2007-04-12yBK c14377d14377